000 00423nam a2200157Ia 4500
005 20250507130010.0
008 008 250505s9999 xx 000 0 eng d
037 _aBound Volumes
040 _aEASL
_beng
_cEASL
041 _aeng
_2eng
084 _qEASL
245 0 _aBulletin of Atomic Scientists
260 _aUSA
_bChicago Embosograph Display Mfg Co.
_c0000
942 _cCR
999 _c1316108
_d1316108